书目信息 |
| 题名: |
顾颉刚评传
|
|
| 作者: | 顾潮 , 顾洪 | |
| 分册: | ||
| 出版信息: | 南昌 百花洲文艺出版社 1995.11 |
|
| 页数: | 180页 | |
| 开本: | 32开 | |
| 丛书名: | ||
| 单 册: | ||
| 中图分类: | K825.81 | |
| 科图分类: | ||
| 主题词: | 人物--传记--中国 | |
| 电子资源: | ||
| ISBN: | 7-80579-547-9 | |
| 000 | 00562nam0 2200205 45 | |
| 001 | 0102141440 | |
| 005 | 20010214144306.3 | |
| 010 | @a7-80579-547-9@d14.00元 | |
| 100 | @a20010214d1995 km y0chiy0120 ea | |
| 101 | 0 | @achi |
| 105 | @a z 000yy | |
| 200 | 1 | @a顾颉刚评传@AGu Jie Gang Ping Chuan@f顾潮,顾洪@FGu Chao,Gu Hong |
| 210 | @a南昌@c百花洲文艺出版社@d1995.11 | |
| 215 | @a180页@d32开 | |
| 606 | 0 | @a人物@x传记@x中国 |
| 690 | @aK825.81@v3 | |
| 701 | 0 | @a顾潮 |
| 701 | 0 | @a顾洪 |
| 801 | @aCN@bPftUser@c20010214 | |
| 905 | @b322155-164@dK825.81@eG.133@f10 | |
| 顾颉刚评传/顾潮,顾洪.-南昌:百花洲文艺出版社,1995.11 |
| 180页;32开 |
| ISBN 7-80579-547-9:14.00元 |
| ● |
| 相关链接 |
|
|
|
正题名:顾颉刚评传
索取号:K825.81/G.133
 
预约/预借
| 序号 | 登录号 | 条形码 | 馆藏地/架位号 | 状态 | 备注 |
| 1 | 322155 | 203221557 | 自科二线404/309社科库 55排2列1层/ [索取号:K825.81/G.133] | 在馆 | |
| 2 | 322156 | 203221566 | 自科二线404/309社科库 55排2列1层/ [索取号:K825.81/G.133] | 在馆 | |
| 3 | 322157 | 203221575 | 自科二线404/309社科库 55排2列1层/ [索取号:K825.81/G.133] | 在馆 | |
| 4 | 322158 | 203221584 | 社科库309/309社科库 55排2列2层/ [索取号:K825.81/G.133] | 在馆 | |
| 5 | 322159 | 203221593 | 自科二线404/309社科库 55排2列1层/ [索取号:K825.81/G.133] | 在馆 | |
| 6 | 322160 | 203221600 | 自科二线404/309社科库 55排2列1层/ [索取号:K825.81/G.133] | 在馆 | |
| 7 | 322161 | 203221619 | 自科二线404/309社科库 55排2列1层/ [索取号:K825.81/G.133] | 在馆 | |
| 8 | 322162 | 203221628 | 自科二线404/309社科库 55排2列1层/ [索取号:K825.81/G.133] | 在馆 | |
| 9 | 322163 | 203221637 | 自科二线404/309社科库 55排2列1层/ [索取号:K825.81/G.133] | 在馆 | |
| 10 | 322164 | 203221646 | 社科库309/309社科库 55排2列2层/ [索取号:K825.81/G.133] | 在馆 |